000 01472nam a2200433 i 4500
001 3653
003 KOSZ 005
005 20210408120516.0
008 981026s1986 pl a f f |001 0 pol
015 _aPB 1986/3757
020 _a8321332439
020 _a8321332498
035 _a(OCoLC)749499532
040 _aWA N
_cWA N
_dKOSZ 005/HR
041 0 _apol
046 _k1986
080 _a539.3/.6
080 _a(075.8)
100 1 _aJastrzębski, Przemysław
_eAutor
245 1 0 _aWytrzymałość materiałów.
_nCz. 2 /
_cPrzemysław Jastrzębski, Jerzy Mutermilch, Wiktor Orłowski ; kier. zespołu aut. P. Jastrzębski.
250 _aWyd. 2 zm. i popr.
260 _aWarszawa :
_b"Arkady",
_c1986.
300 _a334, [2] s. :
_bfot., rys., wykr. ;
_c25 cm.
380 _aKsiążki.
380 _aPublikacje dydaktyczne
385 _mPoziom nauczania
_aSzkoły wyższe
388 _a1901-2000
504 _aIndeksy.
504 _aBibliogr. s. 328-330.
658 _aFizyka i astronomia
655 4 _aPodręczniki akademickie
650 4 _aWytrzymałość materiałów
700 1 _aMutermilch, Jerzy
_d(1903-1990).
_eAutor
700 1 _aOrłowski, Wiktor
_d(1901-1987).
_eAutor
700 1 _aJastrzębski, Przemysław.
_eRedakcja
710 2 _aWydawnictwo "Arkady".
_4pbl.
856 _uhttp://koha.tu.koszalin.pl/cgi-bin/koha/opac-detail.pl?biblionumber=3653
_yKatalog online BPK
942 _2UKD
_cKS
999 _c3653
_d3653